|
|
|
|
| LEADER |
03877nam a22003973i 4500 |
| 001 |
EBC6637577 |
| 003 |
MiAaPQ |
| 005 |
20231204023216.0 |
| 006 |
m o d | |
| 007 |
cr cnu|||||||| |
| 008 |
231204s2019 xx o ||||0 eng d |
| 020 |
|
|
|a 9783110626209
|q (electronic bk.)
|
| 020 |
|
|
|z 9783110626193
|
| 035 |
|
|
|a (MiAaPQ)EBC6637577
|
| 035 |
|
|
|a (Au-PeEL)EBL6637577
|
| 035 |
|
|
|a (OCoLC)1273975811
|
| 040 |
|
|
|a MiAaPQ
|b eng
|e rda
|e pn
|c MiAaPQ
|d MiAaPQ
|
| 100 |
1 |
|
|a Luczak, Ewa Barbara.
|
| 245 |
1 |
0 |
|a New Cosmopolitanisms, Race, and Ethnicity :
|b Cultural Perspectives.
|
| 250 |
|
|
|a 1st ed.
|
| 264 |
|
1 |
|a Warschau/Berlin :
|b Walter de Gruyter GmbH,
|c 2019.
|
| 264 |
|
4 |
|c ©2019.
|
| 300 |
|
|
|a 1 online resource (413 pages)
|
| 336 |
|
|
|a text
|b txt
|2 rdacontent
|
| 337 |
|
|
|a computer
|b c
|2 rdamedia
|
| 338 |
|
|
|a online resource
|b cr
|2 rdacarrier
|
| 505 |
0 |
|
|a Intro -- Contents -- Introduction: New Cosmopolitanisms: Rethinking Race, Geography, and Belonging -- I: Rootedness and the New Cosmopolitanism: Sovereignty, Hosts, Guests and Hospitality -- Africans in Calais: Migrants, Rights, and French Cosmopolitanism -- "In the Tangled Lily-bed": Rhizomatic Textuality and Rooted Cosmopolitanism in Pauline Hopkins's Of One Blood -- Envoy to the World: Nomadic Cosmopolitanism in Yusef Komunyakaa's The Emperor of Water Clocks -- The Pastiche of Discrepant "Minoritarian" Voices in Kiran Desai's The Inheritance of Loss -- II: Minority Bodies -- Normative Materialist Cosmopolitanism -- From Édouard Glissant's "The Open Boat" to the Age of Mass Migration -- Men in Eugenic Times: Wallace Thurman's Infants of the Spring and the (Im)possibility of Cosmopolitan Friendship -- Across the Atlantic and Beyond: Tracing Cosmopolitan Agendas in Leslie Marmon Silko's Gardens in the Dunes -- III: Minoritarian Mobilities -- Migrant Women's Bodies in Transit: From Sub-Saharan Africa to Spain in Real Life and Film -- From a Japanese Notebook: Afro-Asian Critical Cosmopolitanisms in William Demby's 1950s Reportage from Postwar Japan -- Lost in Transnation: Taiye Selasi's Ghana Must Go -- Truncated Cosmopolitanisms: Post-apartheid Literary Identities in Ivan Vladislavić's The Exploded View -- IV: Spaces and Vectors: Migration, Hybridity, Creolization -- The Trope of Displacement, the Disruption of Space: Cuba, a Moveable Nation -- An Angry, Mixed Race Cosmopolitanism: Race, Privilege, Poetic Identity, and Community in Natasha Trethewey's Beyond Katrina and Thrall -- The Cosmopolitan Reality of Polish American Families -- Global Metropolis and the City of Neighborhoods: Polish Immigrants and New York City's Two Cosmopolitanisms -- V: The Powers and Perils of Cultural Expression.
|
| 505 |
8 |
|
|a Black English and the New Cosmopolitanism: Karima 2G's Linguistic Creativity as a Transethnic Performative Practice -- Cosmopolitan Hospitality and Accented Crossing: Forging an Ethics of Listening with Lawrence Abu Hamdan's Artworks -- Imagining Something Better: Rolas from My Border Hi-Fi -- "A White Slave": Albinism in Barbara Chase-Riboud's Sally Hemings -- Contributors on Their Cosmopolitan Experiences: A Postscript -- Contributors on Their Cosmopolitan Experiences: A Postscript -- Index.
|
| 588 |
|
|
|a Description based on publisher supplied metadata and other sources.
|
| 590 |
|
|
|a Electronic reproduction. Ann Arbor, Michigan : ProQuest Ebook Central, 2023. Available via World Wide Web. Access may be limited to ProQuest Ebook Central affiliated libraries.
|
| 655 |
|
4 |
|a Electronic books.
|
| 700 |
1 |
|
|a Pochmara, Anna.
|
| 700 |
1 |
|
|a Dayal, Samir.
|
| 776 |
0 |
8 |
|i Print version:
|a Luczak, Ewa Barbara
|t New Cosmopolitanisms, Race, and Ethnicity
|d Warschau/Berlin : Walter de Gruyter GmbH,c2019
|z 9783110626193
|
| 797 |
2 |
|
|a ProQuest (Firm)
|
| 856 |
4 |
0 |
|u https://ebookcentral.proquest.com/lib/matrademy/detail.action?docID=6637577
|z Click to View
|